Statistics for Countries That Produce the Most Fruit

Click here to take the quiz!

General Stats

  • This quiz has been taken 35 times
  • The average score is 21 of 25

Answer Stats

Strawberries (tons)Answer% Correct
2.7 millionChina
97%
13.4 millionChina
97%
12 millionChina
97%
134 billionChina
97%
93 billionChina
97%
0.59 millionMexico
93%
6.7 millionSpain
93%
0.34 millionSpain
93%
6.9 million (nice)United States
93%
11 billionUnited States
93%
1.2 millionUnited States
93%
5 billionBrazil
90%
6.8 millionBrazil
90%
5.5 billionIndia
90%
5.1 billionIndia
90%
30.5 millionIndia
90%
8.5 millionItaly
90%
6.2 millionFrance
83%
7.3 millionIndonesia
77%
8.5 billionTurkey
67%
8 billionTurkey
67%
0.2 millionPoland
50%
6.8 bilionPoland
50%
4.9 billionAlgeria
40%
6.1 millionEcuador
33%

Score Distribution

Percentile by Number Answered

Percent of People with Each Score

Your Score History

You have not taken this quiz